000 00361nam a2200133Ia 4500
008 231129s1998||||xx |||||||||||||| ||spa||
020 _a958-04-4438-2
040 _bspa
082 _a324.5 B214
245 0 _aLa banda presidencial: CampaƱa del 98
260 _c1998
264 _aGrupo Editorial Norma
942 _2ddc
_cBKS
999 _c16458
_d16458